| 000 | 00404nam a2200097Ia 4500 | ||
|---|---|---|---|
| 008 | 180130s9999 xx 000 0 und d | ||
| 245 |
_cSlater, Alan; Riddell, Patricia; Quinn, Paul C.; Pascalis, Olivier; Lee, Kang; Kelly, David J. _aVisual perception |
||
| 260 | _c2014 | ||
| 300 | _aBook title: Blackwell handbook of infant development--Acession number C19029; pages 42-82 | ||
| 650 | _aINFANTS--DEVELOPMENT | ||
| 999 |
_c354023 _d354023 |
||